000 00385nam a2200133Ia 4500
008 191014s9999 xx 000 0 und d
020 _aLC 68-14226
082 _a515.35
_bSAN
100 _aDavid A. Sanchez
_920334
245 0 _aOrdinary Differential Equations and Stability Theory An Introduction
260 _aUSA
_bW.H.Freeman And Company
_c1968
300 _aVi,164
942 _cBK
999 _c530906
_d530906